Is the Population Greater than Australia -- Sudden Death - Statistics

General Stats
  • This quiz has been taken 178 times
  • The average score is 4 of 18
Answers on the Grid
Answers color-coded by a green-red scale on the quiz's grid according to % correct below.
Afghanistan
Argentina
California (USA State)
Republic of the Congo
Delhi (Urban Area)
Ecuador
Florida (USA State)
Ghana
Guangzhou (City Proper)
Guatemala
Island of Hispanola
Inner Mongolia (Chinese Province)
Italy
Kazakhstan
Island of Kyushu, Japan
The Levant
Mexico City (Urban Area)
Mozambique
Myanmar
Netherlands
Island of New Guinea
North Korea
São Paulo State, Brazil
Saudi Arabia
Scandinavia
Shanghai (Urban Area)
Sìchuān (Chinese Province)
Sudan
Island of Sumatra, Indonesia
Taiwan
Uganda
Yemen
 
Answer Stats
Answer % Correct
Argentina
64%
California (USA State)
60%
Afghanistan
49%
Italy
33%
Delhi (Urban Area)
29%
Saudi Arabia
23%
Shanghai (Urban Area)
21%
Myanmar
15%
Sudan
15%
São Paulo State, Brazil
13%
Island of Sumatra, Indonesia
12%
Uganda
12%
Sìchuān (Chinese Province)
10%
Yemen
9%
Scandinavia
8%
The Levant
8%
Ghana
6%
Mozambique
3%
No matching quizzes found
Score Distribution
Percent of People with Each Score
Percentile by Number Answered
Your Score History
You have not taken this quiz